| 000 | 02019nam0a2200361 4500 | ||
|---|---|---|---|
| 001 | RU\NLR\bibl\300485 | ||
| 005 | 20250620145115.0 | ||
| 010 |
_a5-900745-04-1 _91000 |
||
| 021 |
_aRU _b2002-20581 _91036 |
||
| 035 | _a(NLR Aleph) 000295713 | ||
| 090 |
_a1731957 _c1731957 |
||
| 100 | _a20020902d2002 |||y0rusy50 ca | ||
| 101 | 0 | _arus | |
| 102 | _aRU | ||
| 105 | _ay ||||||||| | ||
| 200 | 1 |
_aОбщность исторических судеб народов Кавказа и России: история и современность _eМатериалы науч.-практ. конф., 19 июля 2001 г., Москва _f[Под общ. ред. д.ист.н., акад. МАДЕНИ Трапезникова Г.Е.] |
|
| 210 |
_aМ. _cМАДЕНМ _d2002 |
||
| 215 |
_a175, [1] с. _d22 |
||
| 300 | _aВ надзаг.: Междунар. акад. духов. единства народов мира, Междунар. фонд духов. единства рос. народов | ||
| 320 | _aБиблиогр. в подстроч. прим. | ||
| 607 |
_aРоссия _jСъезды, совещания и т.п. _xВзаимоотношения с Кавказом _92238184 _3RU\NLR\auth\661343135 |
||
| 607 |
_aРоссия _jСъезды, совещания и т.п. _xВзаимоотношения _yКавказ _92202227 _3RU\NLR\auth\661323299 |
||
| 607 |
_aКавказ _jСъезды, совещания и т.п. _xВзаимоотношения с Россией _92202232 _3RU\NLR\auth\661323302 |
||
| 607 |
_aКавказ _jСъезды, совещания и т.п. _xВзаимоотношения _yРоссия _92202230 _3RU\NLR\auth\661323301 |
||
| 686 | _aТ3(2)0-56я431 | ||
| 686 | _aТ3(24)я431 | ||
| 702 | 1 |
_aТрапезников _bГ. Е. _gГеоргий Евгеньевич _4340 |
|
| 801 | 0 |
_aRU _bNLR _c20020902 _gPSBO |
|
| 801 | 1 |
_aRU _bNLR _c20020902 |
|
| 942 | _cBOOK | ||
| 980 | _aNB | ||